000 00354nam a2200145Ia 4500
005 20251222175933.0
008 251222s9999||||xx |||||||||||||| ||spa||
020 _a9788496088665
082 _a330/B81
100 _aBhavnani, Ram
245 0 _aLos Secretos para Ganar Dinero en la Bolsa
250 _a1ra.ed.
264 _bLibros Libres
942 _cLIB
999 _c41089
_d41089